Diseño estructural de apoyos elastoméricos para puentes convencionales
Na minha lista:
| Autor principal: | |
|---|---|
| Outros Autores: | |
| Formato: | Livro |
| Idioma: | Spanish |
| Publicado em: |
San José, Costa Rica,
2020
|
| Assuntos: | |
| Tags: |
Adicionar Tag
Sem tags, seja o primeiro a adicionar uma tag!
|
MARC
| LEADER | 00000nam a2200000Ia 4500 | ||
|---|---|---|---|
| 003 | 013251 | ||
| 005 | 20230316145227.0 | ||
| 008 | 140114s2020 cr a 000 ||spa d | ||
| 040 | |c cru CEDI | ||
| 100 | |a Chaverri Quesada, Raiker Ramsés, 1988- |9 273 | ||
| 245 | |a Diseño estructural de apoyos elastoméricos para puentes convencionales | ||
| 260 | |a San José, Costa Rica, |c 2020 | ||
| 500 | |a Proyecto de graduación (licenciatura en ingeniería civil)--Universidad de Costa Rica. Facultad de Ingeniería. Escuela de ingeniería Civil | ||
| 501 | |a Director de Proyecto de Graduación: Ing. Rolando Castillo Barahona, Ph.D. | ||
| 650 | |x ANALISIS ESTRUCTURAL (INGENIERIA) |x ESTABILIDAD DE ESTRUCTURAS - EVALUACION |x PUENTES - DISEÑO Y CONSTRUCCION - EVALUACION |x RESISTENCIA DE MATERIALES - MODELOS MATEMATICOS |x ELASTOMEROS |x INGENIERIA DE ESTRUCTURAS | ||
| 700 | |9 274 |a Castillo Barahona, Rolando José, 1965- |d Director del TFG | ||
| 942 | |c CEDI | ||
| 999 | |c 12981 |d 12981 | ||
